Match City - USA - Statistics

General Stats
  • This quiz has been taken 7 times
  • The average score is 15 of 50
Answer Stats
Hint Answer % Correct
Bethesda Annapolis
67%
Dover Delaware City
67%
Evansville Gary
67%
Scranton Hershey
67%
Lafayette Lake Charles
67%
Flint Mackinaw City
67%
Spartanburg Myrtle Beach
67%
Kissimmee Panama City
67%
Nome Utgiagvik
67%
Oshkosh Wisconsin Dells
67%
Dayton Akron
33%
Bar Harbor Bangor
33%
Eugene Bend
33%
Montpelier Burlington
33%
Asheville Camp Lejeune
33%
Laramie Casper
33%
Clarksville Chattanooga
33%
Camden Edison
33%
West Memphis Fayetteville
33%
Bismarck Grand Forks
33%
Breckenridge Grand Junction
33%
Athens Macon
33%
Nashua Manchester
33%
Miles City Missoula
33%
Guymon Moore
33%
Providence Newport
33%
Fredericksburg Norfolk
33%
Couer d'Alene Pocatello
33%
Moab Provo
33%
Huntsville Selma
33%
Newhaven Stamford
33%
Roswell Taos
33%
Point Roberts Yakima
33%
Montauk Yonkers
33%
Malden Amherst
0%
Emporia Arkansas City
0%
Bloomington Duluth
0%
Elko Goodsprings
0%
Kurtistown Honolulu
0%
Point Pleasant Morgantown
0%
Cahokia (A) Naperville
0%
Valentine North Platte
0%
Missouri City Odessa
0%
Lexington Owensboro
0%
Yuma Santa Claus ( A)
0%
Wall Sioux Falls
0%
Yreka Truckee
0%
Tupelo Vicksburg
0%
Wintersett Waterloo
0%
Houston Lake Willard
0%
No matching quizzes found
Score Distribution
Percent of People with Each Score
Percentile by Number Answered
Your Score History
You have not taken this quiz